[Event "36th Zalakaros Festival 2017"]
[Site "Zalakaros"]
[Date "2017.05.22"]
[Round "5"]
[White "Mikhalevski, Victor"]
[Black "Kovalenko, Igor"]
[Result "1-0"]
[WhiteElo "2520"]
[BlackElo "2657"]
[Annotator "TA"]
[PlyCount "151"]
[EventDate "2017.??.??"]
[EventType "swiss"]
[EventCountry "HUN"]
[SourceTitle "playchess.com"]
[Source "ChessBase"]
[SourceQuality "1"]

{[%evp 17,151,0,21,16,21,20,35,31,34,35,45,47,62,63,89,86,107,88,105,102,106,75,85,67,67,54,87,83,79,79,73,90,77,79,73,42,91,63,89,86,97,53,91,71,66,31,32,15,53,0,0,0,127,141,162,148,240,224,228,222,235,137,139,152,146,142,138,138,138,129,153,153,209,196,203,152,152,152,152,152,160,125,137,92,216,90,90,94,137,137,150,147,238,178,275,257,548,569,939,572,920,572,563,545,590,416,483,402,400,392,399,358,400,400,361,355,341,323,863,838,804,797,708,509,695,664,889,887,864,849,800,797,788,782,1190,1185]} 1. d4 d5 2. c4 e6 3. Nf3 Nf6 4. g3 Bb4+ 5. Bd2 Be7 6. Bg2 O-O 7. O-O Nbd7 8. Qc2 c6 9. Rd1 Ne4 10. Be3 {E11: Bogo-Indian} Nd6 11. b3 a5 $146 ({Predecessor:} 11... b6 12. Nc3 Bb7 13. Ne5 f6 14. Nd3 Qe8 15. Bc1 f5 16. a4 {1-0 (55) Georgiadis,N (2473)-Nisipeanu,L (2687) Austria 2016}) 12. Bf4 {White is slightly better.} f5 13. Nc3 {[%cal Bb1c3,Bc3a4,Ba4b6][%mdl 32]} Kh8 14. Ng5 Nf6 15. c5 Nde8 16. Nf3 Nh5 17. e3 Nef6 18. Na4 Bd7 19. Ne5 Be8 20. Nd3 Nd7 21. Bd6 (21. Be5 $5) 21... b5 22. Nb6 Bxd6 23. Nxa8 Bxg3 24. hxg3 Qxa8 25. Ne5 Nhf6 26. f3 (26. b4 $5 Bh5 27. Rdc1 $16) 26... Bh5 27. Rf1 (27. Qc3 {is interesting.} Qb8 28. Rdc1 Qc7 29. Kf2 Nxe5 30. dxe5 Ng8 31. a3) 27... Nxe5 28. dxe5 Nd7 29. Qc3 Qa7 30. Rac1 Qc7 31. e4 fxe4 32. fxe4 Re8 33. a3 (33. exd5 $1 $14 exd5 34. Rce1) 33... Kg8 34. Rce1 d4 (34... Qxe5 $11 {remains equal.} 35. Qxe5 Nxe5) 35. Qxd4 $16 Nxe5 36. Qd6 Re7 (36... Qb8 $16) 37. Bh3 $1 $18 Bf7 38. Rd1 {Threatening mate with Qxc7.} g5 39. Qxc7 (39. Qd2 $18 h6 40. Qc3) 39... Rxc7 $16 40. Rd6 g4 41. Bg2 Ra7 42. Rfd1 a4 43. b4 Kg7 44. Bf1 Re7 (44... Kf6 $16 45. Kf2 Bg6) 45. Kf2 $1 $18 Be8 46. Ke3 Nf7 47. Be2 h5 48. Rh1 e5 49. Rd2 ({And not} 49. Rxh5 Nxd6 50. Rg5+ Kh6 $11) 49... Ng5 50. Rd8 Kg6 (50... Ne6 $16 {was called for.} 51. Rc8 Nd4) 51. Rhd1 (51. Rf1 $1 $18 {and White stays clearly on top.}) 51... Ne6 $16 52. R8d6 Kg7 53. Rf1 $36 {[%mdl 2048] White is on the roll.} Nd4 54. Bd3 Bf7 {[#]} (54... Bd7 $16 55. Rh1 Be8) 55. Rf5 $1 $18 Be8 {[#]} (55... Bg6 $142 56. Rg5 Re6) 56. Rg5+ $1 Kf8 $2 (56... Kh7 57. Rxe5 Rxe5) 57. Rh6 Nf3 58. Rh8+ Kf7 59. Rgxh5 Kf6 60. R5h7 Bf7 61. Rd8 Nd4 62. Rh6+ Kg5 63. Rhh8 Be6 64. Rde8 Rg7 65. Rh1 Rd7 66. Reh8 Bf7 67. R8h7 Kf6 $2 (67... Be8 68. R1h6 Rxh7 69. Rxh7 Bh5) 68. R1h6+ {White is clearly winning.} Ke7 69. Rd6 Rc7 70. Rg6 Rc8 71. Rxg4 Kf6 72. Rh6+ Ke7 73. Rg5 Ne6 74. Rxe5 Rg8 75. Kf2 Rg7 76. Bf1 {Precision: White = 56%, Black = 50%.} 1-0

[Event "36th Zalakaros Festival 2017"]
[Site "Zalakaros"]
[Date "2017.05.22"]
[Round "5"]
[White "Van Foreest, Lucas"]
[Black "Saptarshi, Roy"]
[Result "0-1"]
[WhiteElo "2489"]
[BlackElo "2407"]
[Annotator "TA"]
[PlyCount "64"]
[EventDate "2017.??.??"]
[EventType "swiss"]
[EventCountry "HUN"]
[SourceTitle "playchess.com"]
[Source "ChessBase"]
[SourceQuality "1"]

{[%evp 24,64,86,77,68,0,14,9,14,14,21,0,0,0,0,0,0,-175,-164,-235,-245,-530,-523,-587,-589,-578,-574,-576,-437,-539,-329,-316,-326,-322,-313,-432,-428,-464,-460,-547,-547,-541,-513]} 1. e4 e5 2. Nf3 Nc6 3. Bb5 {[%cal Bf1b5,Bb5a4,Ba4b3][%mdl 32]} a6 4. Ba4 Nf6 5. O-O Be7 6. Re1 b5 7. Bb3 d6 8. c3 O-O 9. h3 Na5 10. Bc2 d5 {C96: Closed Ruy Lopez: Chigorin Defence: 11 d4, replies other than 11...Qc7} (10... c5 11. d4 Nd7 12. a4 Bb7 13. d5 b4 14. b3 bxc3 15. Nxc3 Rb8 16. Bd2 Bc8 17. Nb1 g6 18. Bh6 Re8 19. Na3 Rb4 20. Bd2 {½-½ (48) Shankland,S (2666)-Xiong,J (2674) Saint Louis 2017}) 11. d4 dxe4 12. Nxe5 Bb7 13. Nd2 {[%cal Rd2e4] LiveBook: 3 Games} c5 14. dxc5 $146 (14. Nxe4 $14 cxd4 15. cxd4) ({Predecessor:} 14. Nxe4 cxd4 15. Nxf6+ Bxf6 16. cxd4 Rc8 17. Bf5 Qd5 18. Be4 {1-0 (40) Ivell,N (2244)-Collins,S (2456) England 2016}) 14... Bxc5 $11 15. b4 Bd6 {[%cal Bc5d6,Bd6f4,Bf4d2,Bd2c3,Bc3d4][%mdl 32]} 16. Ng4 Nxg4 17. hxg4 Qh4 18. Bxe4 Qh2+ 19. Kf1 Rfe8 {...Bf4 is the strong threat.} 20. bxa5 $2 (20. Qf3 $11 {and White stays safe.} Nc4 21. Nxc4 bxc4 22. g3 Rxe4 23. Rxe4) 20... Bf4 $1 $19 {[%cal Rf4d2]} ({Don't go for} 20... Qh1+ $2 21. Ke2 $16) 21. Qf3 {[#]} (21. f3 {might work better.} Rad8 22. Qe2 (22. Bxb7 $2 Qh1+ 23. Kf2 Rxe1 $19)) 21... Bxd2 $1 $40 {[%mdl 128] Black wants a kill.} 22. g3 $2 {[#]} (22. Qh3 Bxe4 23. Qxh2 Bd3+ 24. Re2 Bxc3 25. Be3 Bxa1 26. Qd6) 22... Bxc3 $1 {[%mdl 512]} 23. Rb1 {[#]} (23. Qxc3 Bxe4) 23... Bd5 $1 {[%mdl 512] Hoping for ...Rad8.} 24. Re2 (24. Bxd5 Rxe1#) 24... Bc4 25. Bg5 Rac8 26. Rc1 Bxe2+ 27. Kxe2 {Black must now prevent Rh1.} Bd4 {aiming for ...Rxc1.} ({Not} 27... Rc4 28. Rh1 $19) 28. Rxc8 Rxc8 29. Bd2 Re8 {Black is clearly winning.} 30. Be3 {[#]} Bxe3 $1 31. Qxe3 g6 32. Qd4 h5 {Precision: White = 51%, Black = 84%.} 0-1

[Event "36th Zalakaros Festival 2017"]
[Site "Zalakaros"]
[Date "2017.05.22"]
[Round "5"]
[White "Chernyshov, Konstantin"]
[Black "Svane, Rasmus"]
[Result "1/2-1/2"]
[WhiteElo "2485"]
[BlackElo "2573"]
[Annotator "TA"]
[PlyCount "59"]
[EventDate "2017.??.??"]
[EventType "swiss"]
[EventCountry "HUN"]
[SourceTitle "playchess.com"]
[Source "ChessBase"]
[SourceQuality "1"]

{[%evp 20,59,-9,-12,-12,-12,-12,-12,-12,-25,-19,-41,-13,-6,0,-14,0,0,0,0,0,0,0,-9,-11,-19,0,-5,0,0,9,8,8,7,8,6,8,15,15,14,7,10]} 1. d4 d5 2. Nf3 Nf6 3. g3 Bf5 4. Bg2 e6 5. O-O h6 6. c4 c6 7. Nc3 Nbd7 8. Qb3 Qb6 9. c5 Qa6 {D11: Slav Defence: 3 Nf3 sidelines and 3...Nf6 4 e3 Bg4} (9... Qxb3 10. axb3 a6 11. b4 Rc8 12. h3 Be7 13. Bf4 Nh5 14. Bc1 Nhf6 15. Bf4 Nh5 16. Bc1 Nhf6 {½-½ (16) Aleksandrov,A (2607)-Yudin,S (2546) Khanty-Mansiysk 2012}) 10. Re1 b6 11. cxb6 {LiveBook: 6 Games} axb6 12. Bf4 Be7 13. Ne5 Nxe5 14. Bxe5 $146 ({Predecessor:} 14. dxe5 Nd7 15. e4 Nc5 16. Qd1 Bg6 17. exd5 cxd5 {½-½ (59) Tetradze,A (2170)-Nurtdinov,R (2119) Nizhny Tagil 2013}) 14... O-O 15. a3 Bg6 16. e4 {The position is equal.} Rac8 17. Rac1 dxe4 18. Nxe4 Nd5 19. Nd6 Bxd6 $1 20. Bxd6 Rfd8 21. Bb4 Bd3 22. a4 Bf5 23. Bd2 Qa7 24. Qa3 b5 25. axb5 Qxa3 26. bxa3 cxb5 27. Rc5 Ra8 28. Bxd5 Rxd5 29. Rxd5 exd5 30. Bb4 {Precision: White = 83%, Black = 44%.} 1/2-1/2

[Event "36th Zalakaros Festival 2017"]
[Site "Zalakaros"]
[Date "2017.05.22"]
[Round "5"]
[White "Gasanov, Eldar"]
[Black "Almasi, Istvan"]
[Result "1-0"]
[WhiteElo "2484"]
[BlackElo "2398"]
[Annotator "TA"]
[PlyCount "77"]
[EventDate "2017.??.??"]
[EventType "swiss"]
[EventCountry "HUN"]
[SourceTitle "playchess.com"]
[Source "ChessBase"]
[SourceQuality "1"]

{[%evp 24,77,26,22,54,50,85,65,138,131,128,123,243,232,206,219,252,210,486,464,568,375,862,868,846,318,310,300,286,285,289,288,300,296,290,303,300,300,291,294,279,0,186,0,275,278,696,645,1379,1289,1100,664,865,862,856,847]} 1. e4 c5 2. Nc3 Nc6 3. g3 g6 4. Bg2 Bg7 5. d3 d6 6. f4 Nf6 7. Nf3 O-O 8. O-O Rb8 9. h3 b5 10. g4 b4 11. Ne2 c4 12. Be3 {B25: Closed Sicilian: 3 g3, lines without early Be3} Ba6 13. Rf2 {LiveBook: 7 Games} (13. Ned4 Nxd4 14. Bxd4 Qc7 15. Rf2 Nd7 16. Bxg7 Kxg7 17. d4 e5 18. f5 d5 19. Nxe5 dxe4 20. Nxd7 Qxd7 {1-0 (40) Stojanovic,M (2582)-Dragomirescu,R (2411) Obrenovac 2010}) 13... Qa5 14. Ng3 {White is slightly better.} cxd3 15. cxd3 h5 $146 ({Better is} 15... Nd7 $14) ({Predecessor:} 15... Rfd8 16. g5 Ne8 17. h4 e5 18. f5 d5 19. fxg6 hxg6 {½-½ (56) Rustamov,A (2201)-Alikulov,E (2299) Tashkent 2011}) 16. g5 $16 Nd7 17. d4 b3 (17... e6 $16 {is a better defense.}) 18. axb3 $18 Qb6 19. f5 d5 20. e5 (20. exd5 $6 Nb4 $16) 20... h4 $2 {[#]} (20... Ndxe5 21. dxe5 (21. Nxe5 Nxe5 22. Rxa6 Qxa6 $18) 21... Qxe3) 21. Nxh4 Ncxe5 22. Bxd5 e6 $2 (22... Bb7 23. Bxb7 Rxb7) 23. fxe6 fxe6 24. Be4 $2 (24. dxe5 Qxe3 25. Bxe6+ Kh7 26. Ngf5 Qxg5+ 27. Rg2 Qxh4 28. Nxh4 Rf1+ 29. Qxf1 Bxf1 30. Kxf1 Rf8+ 31. Kg1 Nxe5 32. Rxa7) 24... Qxb3 25. Rxf8+ Nxf8 26. Qxb3 Rxb3 27. Bf2 ({Don't play} 27. Rxa6 $6 Rxe3 28. Kf2 (28. dxe5 Bxe5 29. Kf2 Rxg3 $16) 28... Nc4 $18) 27... Nd3 28. Rxa6 Nxf2 29. Kxf2 Bxd4+ 30. Kg2 Rxb2+ 31. Kf3 Rb3+ 32. Kg2 Rb2+ 33. Kf3 (33. Kf1 $142) 33... Rb3+ 34. Kg4 Nd7 $2 (34... Bf2) 35. Rxe6 {White is clearly winning.} Kf7 36. Bd5 {[#] White threatens Re4+ and mate.} Rb5 37. Rf6+ Ke7 38. Nxg6+ Kd8 39. Rf5 {Precision: White = 64%, Black = 22%.} 1-0

[Event "36th Zalakaros Festival 2017"]
[Site "Zalakaros"]
[Date "2017.05.22"]
[Round "5"]
[White "Czebe, Attila"]
[Black "Danin, Alexandre"]
[Result "0-1"]
[WhiteElo "2475"]
[BlackElo "2543"]
[Annotator "TA"]
[PlyCount "103"]
[EventDate "2017.??.??"]
[EventType "swiss"]
[EventCountry "HUN"]
[SourceTitle "playchess.com"]
[Source "ChessBase"]
[SourceQuality "1"]

{[%evp 20,103,0,0,0,0,0,0,0,0,12,18,22,27,23,0,0,-80,-83,-68,-64,-51,-54,-81,-47,-60,-34,-48,-37,-72,-20,-29,0,0,-12,-8,-22,-18,0,0,0,-15,-10,-80,-72,-141,-157,-153,-165,-195,-183,-163,-154,-344,-343,-492,-354,-331,-311,-320,-324,-326,-311,-302,-307,-296,-294,-325,-314,-334,-326,-374,-361,-359,-352,-631,-625,-622,-610,-603,-603,-585,-578,-563,-545,-462]} 1. Nf3 Nf6 2. g3 g6 3. Bg2 Bg7 4. O-O O-O 5. d3 d5 6. Nbd2 Nc6 7. c3 a5 8. e4 e5 9. Re1 Re8 {A07: Réti Opening: New York and Capablanca Systems} 10. Qc2 (10. b3 h6 11. Bb2 Be6 12. a3 dxe4 13. dxe4 Nd7 14. b4 Nb6 15. Bf1 axb4 16. axb4 Qe7 {½-½ (73) Harikrishna,P (2685)-Gagunashvili,M (2578) Istanbul 2012}) 10... h6 11. b3 {LiveBook: 8 Games} Be6 {The position is equal.} 12. a3 dxe4 13. dxe4 Nd7 14. Bb2 Nc5 15. Bf1 b6 $146 ({Predecessor:} 15... a4 16. b4 Nb3 17. Nxb3 Bxb3 {1-0 (66) Garcia Castro,P (2309)-Vega Gomez,F (1975) Sanxenxo 2006}) 16. Bb5 Bd7 17. Nc4 Qf6 18. Nh4 {[#]} (18. Re3 $11) 18... a4 $1 $36 {[%mdl 2560] Black is in control.} 19. bxa4 Na5 20. Bxd7 Nxd7 21. Ne3 c6 22. c4 Nc5 23. f4 $1 Qe7 24. fxe5 h5 (24... Nd7 $17) 25. Nf3 $1 $11 Nd7 {[%cal Rd7e5]} 26. e6 Qxe6 27. Bxg7 Kxg7 28. Rad1 {Strongly threatening Nd4.} Ne5 29. Nd4 Qf6 30. Rf1 Qg5 31. Qf2 (31. Qc3 $11) 31... Kg8 $17 32. Ndc2 (32. Nf3 $142 Nxf3+ 33. Qxf3) 32... Rad8 33. Nd4 {[#]} Qe7 $1 34. Kg2 Naxc4 35. Nxc4 Nxc4 36. e5 $2 (36. Kg1 $17 {is a better defense.} Rd6 37. Rb1) 36... Nxe5 $19 37. Rfe1 (37. Rde1 {was called for.} c5 38. Nb5) 37... c5 38. Nc6 Qb7 39. Rxe5 {Qf6 is the strong threat.} Qxc6+ 40. Qf3 Qxf3+ 41. Kxf3 Rxd1 ({Weaker is} 41... Rxe5 42. Rxd8+ Kg7 43. Rc8 $17) 42. Rxe8+ {[%mdl 4096] Endgame KR-KR} Kg7 43. Re3 Rd4 44. Rb3 Rxa4 45. Rxb6 Rxa3+ 46. Kf4 Ra2 47. h4 $2 (47. h3) 47... Ra4+ {Black is clearly winning.} 48. Kf3 Rg4 49. Rb5 c4 50. Re5 Kf6 51. Re8 Rd4 52. Rc8 {Precision: White = 37%, Black = 72%.} 0-1

[Event "36th Zalakaros Festival 2017"]
[Site "Zalakaros"]
[Date "2017.05.22"]
[Round "5"]
[White "Horvath, Adam"]
[Black "Kosakowski, Jakub"]
[Result "1-0"]
[WhiteElo "2469"]
[BlackElo "2369"]
[Annotator "TA"]
[PlyCount "77"]
[EventDate "2017.??.??"]
[EventType "swiss"]
[EventCountry "HUN"]
[SourceTitle "playchess.com"]
[Source "ChessBase"]
[SourceQuality "1"]

{[%evp 27,77,0,9,16,14,0,0,0,0,-1,0,0,0,0,0,-3,0,0,0,0,22,10,24,0,0,0,0,0,0,0,0,0,91,91,98,64,72,73,95,88,97,104,313,312,284,313,302,306,286,288,346,346]} 1. e4 c5 2. Nf3 Nc6 3. d4 cxd4 4. Nxd4 Nf6 5. Nc3 e5 6. Ndb5 d6 7. Bg5 a6 8. Na3 b5 9. Bxf6 gxf6 10. Nd5 f5 11. g3 fxe4 12. Bg2 Be6 13. Bxe4 Bg7 14. Qh5 Rc8 15. O-O {B33: Sicilian: Pelikan and Sveshnikov Variations} Ne7 16. Nxe7 Qxe7 17. Rad1 {The position is equal.} b4 (17... h6 18. c3 O-O 19. Nc2 f5 20. Bd5 Rc5 21. Ne3 Bxd5 22. Nxd5 Qe6 {½-½ (31) Motylev,A (2649)-Grachev,B (2649) Baku 2015}) 18. Nb1 h6 {[#]} 19. Qe2 $146 ({Predecessor:} 19. c3 a5 20. cxb4 axb4 21. a3 bxa3 22. Nxa3 Qd7 {1-0 (47) Cuenca Jimenez,J (2526)-Martinez Piqueras,C (2141) Linares 2015}) 19... O-O 20. Bd5 a5 21. Rd2 Rc5 22. Rfd1 Bxd5 (22... e4 $5) 23. Rxd5 Rfc8 {[%cal Bf8c8,Bc8c6,Bc6e6][%mdl 32]} 24. c3 R8c6 25. a3 e4 26. Rxc5 dxc5 27. Qb5 $36 {[%mdl 2048] White is pushing.} Re6 28. Qxa5 Bf6 $1 29. axb4 cxb4 (29... e3 $1 $11 30. fxe3 (30. Qxc5 exf2+ 31. Qxf2 Bg5 $11) 30... Rxe3) 30. Qxb4 $16 Qa7 31. Kg2 e3 32. Qg4+ Kh8 33. fxe3 Qb7+ 34. Kh3 {Na3 is the strong threat.} h5 $2 {[#]} (34... Qxb2 $16 {keeps fighting.} 35. Qh5 Qc2) 35. Qxh5+ $18 {White has a decisive advantage.} Kg7 36. Qg4+ Kf8 37. Qb4+ Qxb4 38. cxb4 Rxe3 {[#]} 39. Nc3 $1 {Precision: White = 76%, Black = 60%.} 1-0

[Event "36th Zalakaros Festival 2017"]
[Site "Zalakaros"]
[Date "2017.05.22"]
[Round "5"]
[White "Livaic, Leon"]
[Black "Meszaros, Tamas"]
[Result "1-0"]
[WhiteElo "2464"]
[BlackElo "2401"]
[Annotator "TA"]
[PlyCount "65"]
[EventDate "2017.??.??"]
[EventType "swiss"]
[EventCountry "HUN"]
[SourceTitle "playchess.com"]
[Source "ChessBase"]
[SourceQuality "1"]

{[%evp 12,65,59,53,67,2,11,3,20,11,35,25,108,38,69,23,43,30,70,38,42,14,21,0,0,0,0,0,0,0,21,0,22,22,22,0,57,0,0,-10,0,-14,0,0,62,54,55,53,216,214,1746,1700,29990,29991,29993,29994]} 1. d4 Nf6 2. c4 e6 3. Nf3 d5 4. Nc3 dxc4 5. e4 {[%cal Be2e4,Be4e5][%mdl 32]} b5 (5... Bb4 6. Bxc4 Nxe4 7. O-O Nxc3 8. bxc3 Bd6 9. Bg5 Be7 10. Bxe7 Qxe7 11. Re1 O-O 12. Ne5 Nd7 13. Nxf7 Nb6 {1-0 (49) Nakamura,H (2779)-Caruana,F (2823) Saint Louis 2016}) 6. e5 {D24: Queen's Gambit Accepted: 3 Nf3 Nf6 4 Nc3} Nd5 7. Nxb5 {LiveBook: 10 Games} Nb6 8. g3 $146 ({Better is} 8. Be2 $14) ({Predecessor:} 8. Be2 Nc6 9. O-O Be7 10. Na3 Qd5 11. Nc2 Bb7 12. b3 cxb3 13. Ne3 Qd7 14. axb3 O-O 15. Nc2 a5 16. Bg5 Rfd8 17. Bxe7 {½-½ (17) Riazantsev,A (2661)-Buhmann,R (2625) Germany 2017}) 8... Nc6 9. Bg2 Qd7 10. O-O Ba6 11. Nc3 {Black must now prevent Ng5.} (11. a4 $5 {[%cal Rf3g5]}) 11... Rd8 {[#]} (11... Rb8 $11 {keeps the balance.}) 12. Be3 (12. d5 $1 $16 {[%cal Rd5c6]} exd5 13. Ng5 Nxe5 14. Re1) 12... Nb4 13. Qd2 h6 14. Rfd1 N6d5 15. a3 Nxc3 $1 16. bxc3 Nd5 $1 17. Qc2 Be7 18. Nd2 O-O 19. Ne4 Nxe3 20. fxe3 Rb8 (20... c5 $5) 21. Rf1 Qb5 22. Rab1 Qa5 23. Rb4 Rb6 (23... Bxb4 $11 24. axb4 Qa3) 24. Rf4 (24. Ra4 $14 Qb5 25. Nd2) 24... Qxa3 25. Rxb6 cxb6 26. Nf6+ $1 Bxf6 27. exf6 Qb3 (27... g6 $11) 28. Qc1 $1 $14 {[%mdl 1024] White has compensation.} g5 29. Rf2 e5 $2 {[#]} ({Black should play} 29... b5 $14) 30. h4 $1 $18 ({Weaker is} 30. dxe5 Re8 $11) 30... g4 $2 (30... Bc8 31. hxg5 (31. dxe5 Qb5 $11) 31... Rd8) 31. Rf5 e4 32. Qf1 Qxc3 33. Qf4 {Precision: White = 51%, Black = 32%.} 1-0

[Event "36th Zalakaros Festival 2017"]
[Site "Zalakaros"]
[Date "2017.05.22"]
[Round "5"]
[White "Puranik, Abhimanyu"]
[Black "Nabaty, Tamir"]
[Result "1/2-1/2"]
[WhiteElo "2459"]
[BlackElo "2640"]
[Annotator "TA"]
[PlyCount "48"]
[EventDate "2017.??.??"]
[EventType "swiss"]
[EventCountry "HUN"]
[SourceTitle "playchess.com"]
[Source "ChessBase"]
[SourceQuality "1"]

{[%evp 14,48,26,12,22,10,8,4,14,12,17,16,10,12,13,8,7,5,6,1,8,0,10,0,10,0,0,0,0,2,0,-19,-13,-17,-15,-15,-7]} 1. e4 e5 2. Nf3 Nf6 3. Nxe5 d6 4. Nf3 Nxe4 5. Nc3 Nxc3 6. dxc3 Be7 7. Bf4 Nc6 8. Qd2 Be6 {The position is equal. C42: Petroff Defence: 3 Nxe5 and unusual White 3rd moves} 9. Nd4 (9. O-O-O Qd7 10. h3 Bf6 11. g4 h6 12. Bg2 O-O-O 13. b3 Rde8 14. Rhe1 Kb8 15. Be3 a6 16. Ng1 g5 17. Ne2 h5 18. f3 {½-½ (73) So,W (2770)-Wei,Y (2696) Bilbao 2016}) 9... Nxd4 10. cxd4 c6 11. Bd3 O-O 12. c3 $146 ({Predecessor:} 12. a3 Bf6 13. O-O-O b5 14. h4 a5 {1-0 (36) Perez Olarte,C (2236)-Paniagua,D (1870) Bogota 2012}) 12... Re8 13. O-O Qd7 14. Qc2 g6 15. Rfe1 Bf6 16. a4 Bd5 17. Qd2 a5 18. Bg3 Kg7 19. h3 Bb3 20. Re3 Rxe3 21. fxe3 d5 22. e4 (22. Ra3 $5 {[%cal Ra3b3]} Bc4 23. Bxc4 dxc4 24. e4 $11) 22... dxe4 23. Bxe4 Re8 24. Bc2 Bxc2 {Precision: White = 38%, Black = 60%.} 1/2-1/2

[Event "36th Zalakaros Festival 2017"]
[Site "Zalakaros"]
[Date "2017.05.22"]
[Round "5"]
[White "Krzyzanowski, Marcin"]
[Black "Del Rey, Diego"]
[Result "1-0"]
[WhiteElo "2457"]
[BlackElo "2352"]
[Annotator "TA"]
[PlyCount "109"]
[EventDate "2017.??.??"]
[EventType "swiss"]
[EventCountry "HUN"]
[SourceTitle "playchess.com"]
[Source "ChessBase"]
[SourceQuality "1"]

{[%evp 16,109,33,31,35,31,29,17,33,20,16,18,22,15,26,17,22,24,30,-64,-57,-63,-55,-132,-128,-160,-154,-130,-136,-179,-174,-219,-216,-207,-180,-249,-173,-318,-319,-368,-364,-456,-452,-552,-555,-544,-562,-530,-264,-279,-299,-335,-279,-268,-197,-205,-205,-216,-165,-168,-169,-206,-61,-46,-6,-8,-31,-156,0,0,0,-12,-21,-54,0,0,0,0,0,0,0,0,0,0,0,0,0,0,0,0,0,0,0,0,0,0]} 1. e4 d6 2. d4 Nf6 3. Nc3 e5 4. Nf3 Nbd7 5. Bc4 Be7 6. O-O O-O 7. Re1 c6 8. a4 a5 9. h3 Nb6 {C41: Philidor Defence} (9... Qc7 10. Be3 Nb6 11. Ba2 Nfd7 12. Qe2 Bf6 13. d5 Be7 14. Rad1 Nf6 15. Nd2 Bd7 16. Nc4 Nxc4 17. Qxc4 Rac8 18. Qb3 cxd5 {1-0 (80) Howell,D (2644)-Maghsoodloo,P (2584) Doha 2016}) 10. Ba2 Nfd7 11. Be3 exd4 12. Qxd4 Nc5 13. Rad1 Be6 14. Bxe6 fxe6 15. e5 d5 16. Qg4 Qe8 17. Ng5 (17. Nd4 $11 Qf7 18. b3) 17... h5 18. Qg3 $1 Qg6 $1 19. Ne2 $146 (19. b3 $1 $15) ({Predecessor:} 19. b3 Qxc2 20. Nxe6 Nxe6 21. Bxb6 Bb4 22. Rd3 h4 23. Qe3 Nf4 {0-1 (23) Csonka,A (2425)-Ostovic,M (2282) Podturen 2013}) 19... Nc4 $1 $17 20. h4 Nxe3 ({Don't do} 20... Qxc2 21. Bxc5 Bxc5 22. Nd4 $15) 21. Qxe3 Qxc2 22. Nf4 Qf5 $36 {[%mdl 2048] Keeping White busy.} ({Worse is} 22... Qxb2 23. Ng6 $11) 23. Nxh5 Qg4 ({But not} 23... Nxa4 24. Qg3 $17) 24. Ng3 {With the idea Rd4.} Qxh4 25. Nh3 (25. Nf3 $142 Qxa4 26. Rd4) 25... Qh6 26. Qd4 (26. Rd4 $142) 26... Ra6 $19 27. Qg4 Rb6 28. f4 Rxb2 29. Rb1 Rb4 30. Rxb4 axb4 31. Rf1 Ne4 (31... b3 $142 32. Rb1 Ra8) 32. Nxe4 dxe4 33. Qe2 Bc5+ 34. Kh2 e3 {White must now prevent ...Rd8.} 35. Qc4 Be7 $1 36. Rf3 Rd8 37. Rxe3 Rd5 38. Rg3 Qh7 {[#]} (38... Kf7 $19 39. Qc2 Qh5) 39. a5 $1 $15 {[%mdl 512]} Kf7 (39... Qf5 $5 {[%cal Rd5a5]} 40. a6 bxa6 41. Qxc6 a5 $15) (39... Rxa5 40. Qxe6+) 40. a6 bxa6 41. Qxa6 {[#]} ({Better is} 41. Qxc6 $15 Rd4 42. Rf3) 41... Rc5 $2 (41... Rd4 $1 $17 {...Rxf4 is the strong threat.} 42. Rf3 c5) 42. Qb7 $11 Rc3 43. Rf3 Rxf3 44. gxf3 {[#]} Qc2+ (44... g5 $1 $15 {[%mdl 512]} 45. fxg5 c5) 45. Kg3 {aiming for Ng5+.The position is equal.} Qc5 46. Qd7 Kf8 47. Qc8+ Kf7 48. Qd7 {Threatening mate with Ng5+.} Kf8 49. Qxe6 Qd5 50. Qg6 Qd2 51. e6 {[%csl Ge6][%cal Rg6f7]} Qe1+ 52. Kg2 {[%csl Ge6][%cal Rg6f7]} Qd2+ 53. Kg3 {[%csl Ge6][%cal Rg6f7]} Qe1+ 54. Kg2 {[%csl Ge6][%cal Rg6f7]} Qd2+ 55. Kg3 {[%mdl 32768] Precision: White = 27%, Black = 63%. . Sensor Board Error (Ke4/e5)?} 1-0